<?xml version="1.0" encoding="UTF-8"?>
<marc:record xmlns:marc="http://www.loc.gov/MARC21/slim">
   <marc:leader>00000nam a2200000 a 4500</marc:leader>
   <marc:datafield ind1="1" ind2=" " tag="100">
      <marc:subfield code="a">Drust, Rike</marc:subfield>
      <marc:subfield code="4">aut</marc:subfield>
      <marc:subfield code="e">Verfasser/-in</marc:subfield>
   </marc:datafield>
   <marc:datafield ind1="1" ind2=" " tag="100">
      <marc:subfield code="a">Klein, Horst</marc:subfield>
   </marc:datafield>
   <marc:datafield ind1=" " ind2=" " tag="653">
      <marc:subfield code="a">Beruf</marc:subfield>
   </marc:datafield>
   <marc:datafield ind1=" " ind2=" " tag="653">
      <marc:subfield code="a">Berufswelt</marc:subfield>
   </marc:datafield>
   <marc:datafield ind1="0" ind2="0" tag="245">
      <marc:subfield code="a">Alle helfen</marc:subfield>
   </marc:datafield>
   <marc:datafield ind1="0" ind2="0" tag="245">
      <marc:subfield code="b">25 Berufe, die die Welt besser machen</marc:subfield>
   </marc:datafield>
   <marc:datafield ind1="0" ind2="0" tag="245">
      <marc:subfield code="c">Rike Drust ; Horst Klein</marc:subfield>
   </marc:datafield>
   <marc:datafield ind1=" " ind2="1" tag="264">
      <marc:subfield code="a">Leipzig</marc:subfield>
      <marc:subfield code="b">Klett Kinderbuch</marc:subfield>
      <marc:subfield code="c">2023</marc:subfield>
   </marc:datafield>
   <marc:datafield ind1="1" ind2=" " tag="520">
      <marc:subfield code="a">Quelle: bn.bibliotheksnachrichten (http://www.biblio.at/literatur/bn/index.html); #Autor: Frieda Weixlbaumer / STUBE; #In bunt illustrierten Steckbriefen beschreibt Rike Drust spielerisch und humorvoll 25 Berufe, die die Welt ein bisschen besser machen. (ab 6) (JV)#Vom Feuerwehrmann über die Ärztin im Krisengebiet bis hin zum Therapiehund lernen wir hier verschiedene Tätigkeiten kennen, die dabei helfen, einen positiven Beitrag für die Natur, Menschen und Tiere zu leisten. Dabei werden schwierige Themen wie Verlust, Tod, Krankheit, Klimawandel und mentale Gesundheit leicht zugänglich und mit Humor behandelt  und trotzdem in ihrer Ernsthaftigkeit dargestellt.#Mit interessanten Fragen wie »Was magst du gern?« oder »Was stört dich an deiner Arbeit?« kommt Persönlichkeit und Tiefgang in die farbenfrohen Seiten, und auch die anspruchsvollen Aspekte der unterschiedlichen Berufe werden auf dem »Helf-O-Meter« am Rand jedes Kapitels humorvoll dargestellt. Auch »Wer hilft DIR?« ist als Frage immer dabei, und beleuchtet klug und subtil, wie wichtig es ist, dass auch all denjenigen geholfen werden muss, die selbst Hilfe leisten. Mit einem Hohen Maß an Diversität stellt Illustrator Horst Klein die verschiedenen Arbeitsbereiche dar und unterstreicht so die Vielfältigkeit der arbeitenden Menschen und Tiere unserer Gesellschaft. So kann hier jede*r Leser*in, egal ob alt oder jung, Inspiration für das Leben und die Berufswelt finden  immer mit dem Motto: »There is No Planet B!«</marc:subfield>
   </marc:datafield>
   <marc:datafield ind1=" " ind2=" " tag="020">
      <marc:subfield code="a">9783954702848</marc:subfield>
      <marc:subfield code="9">9783954702848</marc:subfield>
   </marc:datafield>
   <marc:datafield ind1=" " ind2=" " tag="041">
      <marc:subfield code="a">ger</marc:subfield>
   </marc:datafield>
   <marc:datafield ind1=" " ind2=" " tag="300">
      <marc:subfield code="a">57 Seiten</marc:subfield>
   </marc:datafield>
</marc:record>
